[Event "British Columbia Chess Cup"]
[Site "Burnaby CAN"]
[Date "2026.01.10"]
[Round "1.2"]
[White "Zhang, Xavier"]
[Black "Chen, Yidong"]
[Result "1/2-1/2"]
[WhiteElo "1859"]
[BlackElo "2266"]
[WhiteFideId "-1"]
[BlackFideId "-1"]
[PlyCount "105"]
[GameId "2278592749768602"]
[EventDate "2026.01.10"]
[EventType "swiss"]
[EventRounds "5"]
[EventCountry "CAN"]

1. Nf3 c5 2. c3 Nf6 3. d4 e6 4. Bg5 h6 5. Bh4 Nc6 6. e3 b6 7. Nbd2 Be7 8. Bd3 Bb7 9. O-O d6 10. Re1 Qd7 11. Qb3 O-O 12. Rad1 Rac8 13. Bxf6 Bxf6 14. Ne4 Be7 15. dxc5 Na5 16. Qc2 bxc5 17. c4 Qc7 18. b3 Nc6 19. Qc3 Nb4 20. a3 Nxd3 21. Qxd3 Rfd8 22. Nc3 Bc6 23. e4 Rb8 24. Qc2 Bf6 25. Re3 Qb7 26. Ne2 Qa6 27. Qa2 Qb7 28. Qc2 a5 29. Rb1 Qa8 30. Ng3 g6 31. h4 Rb6 32. h5 g5 33. Qd2 Qb7 34. Qxa5 Ra6 35. Qd2 Rxa3 36. Qc1 Rda8 37. Qd1 Ra1 38. Kh2 Rxb1 39. Qxb1 Ra1 40. Qd3 g4 41. Ne1 Be5 42. Qe2 f5 43. exf5 exf5 44. Rxe5 dxe5 45. Qxe5 Qg7 46. Qxc5 Rxe1 47. Qxc6 Qg5 48. Qd5+ Kh7 49. Qf7+ Kh8 50. Qf8+ Kh7 51. Qf7+ Kh8 52. Qf8+ Kh7 53. Qf7+ 1/2-1/2

[Event "British Columbia Chess Cup"]
[Site "Burnaby CAN"]
[Date "2026.01.10"]
[Round "1.3"]
[White "Liu, Zachary"]
[Black "Zhou, Frank"]
[Result "1-0"]
[WhiteElo "2236"]
[BlackElo "1754"]
[WhiteFideId "-1"]
[BlackFideId "-1"]
[PlyCount "71"]
[GameId "2278592749768603"]
[EventDate "2026.01.10"]
[EventType "swiss"]
[EventRounds "5"]
[EventCountry "CAN"]

1. Nf3 Nf6 2. c4 g6 3. b3 Bg7 4. Bb2 O-O 5. g3 c6 6. Bg2 d5 7. O-O Bf5 8. d4 Qc8 9. Re1 Ne4 10. Nc3 Nxc3 11. Bxc3 Rd8 12. Rc1 dxc4 13. bxc4 e5 14. d5 Qc7 15. e4 Bg4 16. Qb3 Nd7 17. Nd2 Nc5 18. Qb1 a5 19. Nb3 Bf8 20. h3 Bd7 21. Red1 a4 22. Nxc5 Bxc5 23. Qb2 Re8 24. Rb1 Rab8 25. d6 Bxd6 26. Qd2 Re6 27. c5 Bxc5 28. Qxd7 Qxd7 29. Rxd7 b5 30. Bb4 Bxb4 31. Rxb4 c5 32. Rb1 c4 33. Rc7 Reb6 34. Rc5 a3 35. Bf1 f6 36. Rcxb5 1-0

[Event "British Columbia Chess Cup"]
[Site "Burnaby CAN"]
[Date "2026.01.10"]
[Round "2.1"]
[White "Worya, Arpak"]
[Black "Pham, Bich Ngoc"]
[Result "0-1"]
[WhiteElo "1966"]
[BlackElo "2309"]
[WhiteFideId "-1"]
[BlackFideId "-1"]
[PlyCount "84"]
[GameId "2278592749768604"]
[EventDate "2026.01.10"]
[EventType "swiss"]
[EventRounds "5"]
[EventCountry "CAN"]

1. Nf3 Nf6 2. c4 e6 3. g3 d5 4. Bg2 c6 5. b3 Bd6 6. Bb2 Nbd7 7. O-O dxc4 8. bxc4 e5 9. Nc3 O-O 10. d3 Qe7 11. Qc2 Re8 12. Nd2 Nc5 13. a4 a5 14. Nde4 Nfxe4 15. Nxe4 Nxe4 16. Bxe4 Bh3 17. Rfb1 h5 18. Bc3 h4 19. Qd2 f5 20. Bg2 Bxg2 21. Kxg2 f4 22. Ra2 Bc5 23. Bxa5 h3+ 24. Kxh3 Bxf2 25. Bb6 c5 26. Kg2 Be3 27. Qe1 Rf8 28. g4 Qe6 29. h3 Qc6+ 30. Kh2 f3 31. Qh1 Bf4+ 32. Kg1 f2+ 33. Kxf2 Bc1+ 34. Qf3 Rxf3+ 35. exf3 Bg5 36. Re2 Rf8 37. Re4 Qxa4 38. Rb2 Qa3 39. Rbe2 Qxd3 40. Bxc5 Rxf3+ 41. Kg2 Rg3+ 42. Kf2 Qf3+ 0-1

[Event "British Columbia Chess Cup"]
[Site "Burnaby CAN"]
[Date "2026.01.10"]
[Round "2.2"]
[White "Lu, Aiden Hao-Ting"]
[Black "Liu, Zachary"]
[Result "0-1"]
[WhiteElo "1918"]
[BlackElo "2236"]
[WhiteFideId "-1"]
[BlackFideId "-1"]
[PlyCount "70"]
[GameId "2278592749768605"]
[EventDate "2026.01.10"]
[EventType "swiss"]
[EventRounds "5"]
[EventCountry "CAN"]

1. e4 c5 2. Nf3 e6 3. c3 Nf6 4. Bd3 d5 5. e5 Nfd7 6. Bc2 d4 7. d3 Nc6 8. Qe2 Qc7 9. Ba4 a6 10. Bxc6 Qxc6 11. Bf4 Be7 12. O-O dxc3 13. Nxc3 b6 14. Qe4 Bb7 15. Rfe1 Qxe4 16. Nxe4 Rd8 17. Rad1 b5 18. b3 Nb6 19. d4 Bxe4 20. Rxe4 c4 21. Bd2 Rc8 22. Ba5 Nd5 23. Rc1 c3 24. Ne1 Ba3 25. Rc2 b4 26. Rce2 Rb8 27. Nc2 Bb2 28. Ne3 Nxe3 29. R4xe3 Kd7 30. a4 bxa3 31. Bxc3 Rhc8 32. Rc2 Rxc3 33. Rexc3 Bxc3 34. Rxc3 a2 35. Rc1 Rxb3 0-1

[Event "British Columbia Chess Cup"]
[Site "Burnaby CAN"]
[Date "2026.01.10"]
[Round "2.3"]
[White "Leong, Ryan"]
[Black "Zhang, Kai Zhongkai"]
[Result "1-0"]
[WhiteElo "2226"]
[BlackElo "1939"]
[WhiteFideId "-1"]
[BlackFideId "-1"]
[PlyCount "155"]
[GameId "2278592749768606"]
[EventDate "2026.01.10"]
[EventType "swiss"]
[EventRounds "5"]
[EventCountry "CAN"]

1. d4 Nf6 2. Nf3 e6 3. g3 d5 4. Bg2 Bd6 5. O-O O-O 6. c4 Nbd7 7. Nc3 c6 8. Qd3 dxc4 9. Qxc4 e5 10. Bg5 exd4 11. Qxd4 Be7 12. Rad1 Qb6 13. Qd2 h6 14. Be3 Qa5 15. Nd4 Bb4 16. Nb3 Qa6 17. Qc2 Nb6 18. Rd4 Bxc3 19. bxc3 Be6 20. Rfd1 Bxb3 21. axb3 Nbd5 22. Bc1 Qa5 23. Bb2 Qb6 24. e4 Nc7 25. c4 Ne6 26. e5 Nxd4 27. Bxd4 c5 28. exf6 cxd4 29. fxg7 Kxg7 30. Qf5 Rad8 31. Bd5 Qg6 32. Qf3 Rfe8 33. Rxd4 Re1+ 34. Kg2 Re5 35. Rf4 Rd7 36. h4 h5 37. Qc3 f6 38. Qf3 Rde7 39. g4 Re1 40. Qg3 b5 41. cxb5 R1e5 42. Bc6 Rc5 43. gxh5 Qxg3+ 44. fxg3 Rxh5 45. Kh3 Rc5 46. Rg4+ Kf7 47. Rd4 a6 48. Bd5+ Kg7 49. bxa6 Ra5 50. Bb7 Rc7 51. b4 Ra4 52. Rg4+ Kf8 53. h5 Rh7 54. Kh4 Ke7 55. Rd4 Ra1 56. b5 Ra2 57. g4 f5 58. Rc4 Kd7 59. gxf5 Rh2+ 60. Kg5 R2xh5+ 61. Kf6 R7h6+ 62. Ke5 Re6+ 63. Kf4 Re1 64. Kg4 Rh6 65. a7 Rg1+ 66. Kf3 Rf1+ 67. Ke2 Ra1 68. a8=Q Rxa8 69. Bxa8 Rh5 70. Be4 Rh6 71. Rc6 Rh8 72. b6 Re8 73. Rc4 Rb8 74. b7 Re8 75. Kf3 Rh8 76. f6 Rf8 77. Bf5+ Ke8 78. Ke4 1-0

[Event "British Columbia Chess Cup"]
[Site "Burnaby CAN"]
[Date "2026.01.10"]
[Round "3.1"]
[White "Pham, Bich Ngoc"]
[Black "Suresh, Barath Subramanian"]
[Result "1-0"]
[WhiteElo "2309"]
[BlackElo "2074"]
[WhiteFideId "-1"]
[BlackFideId "-1"]
[PlyCount "145"]
[GameId "2278592749768607"]
[EventDate "2026.01.10"]
[EventType "swiss"]
[EventRounds "5"]
[EventCountry "CAN"]

1. Nf3 Nf6 2. g3 d5 3. Bg2 g6 4. c4 c6 5. d4 Bg7 6. a4 O-O 7. O-O Bf5 8. cxd5 cxd5 9. Qb3 Qb6 10. Qxb6 axb6 11. Nc3 Nc6 12. Bg5 Nb4 13. Ra3 Ra6 14. Rb3 Nc6 15. Bxf6 Bxf6 16. Nxd5 Bg7 17. e3 Be6 18. Ng5 Bxd5 19. Bxd5 e6 20. Bf3 Rxa4 21. Rxb6 Rb4 22. Rxb4 Nxb4 23. Rc1 Nd3 24. Rc7 h6 25. Ne4 Nxb2 26. Rxb7 Nc4 27. Be2 Na5 28. Rc7 Rd8 29. Kg2 Bf8 30. h4 Kg7 31. h5 g5 32. g4 Re8 33. Bb5 Rb8 34. Ba6 Rb6 35. Bc8 Rc6 36. Ra7 Rxc8 37. Rxa5 Rc7 38. Kf3 Bb4 39. Rb5 Be7 40. Ng3 Bd6 41. Ne4 Be7 42. d5 Rd7 43. dxe6 fxe6 44. Nc5 Bxc5 45. Rxc5 Ra7 46. Ke4 Kf6 47. Rc8 Ra4+ 48. Kf3 Ra7 49. Rg8 Ke5 50. Rg6 Rh7 51. Kg3 Kd6 52. f4 gxf4+ 53. exf4 Kd5 54. Kh4 e5 55. f5 Ke4 56. f6 Kf4 57. Rg7 Rh8 58. f7 Rf8 59. Rg6 Rxf7 60. Rxh6 e4 61. g5 e3 62. Re6 Rf5 63. g6 Re5 64. Rxe5 Kxe5 65. Kg3 Kf6 66. Kf3 Kg5 67. g7 Kxh5 68. g8=Q e2 69. Kxe2 Kh6 70. Kf3 Kh5 71. Kf4 Kh6 72. Kf5 Kh5 73. Qg5# 1-0

[Event "British Columbia Chess Cup"]
[Site "Burnaby CAN"]
[Date "2026.01.10"]
[Round "3.2"]
[White "Liu, Zachary"]
[Black "Mu, Shaunavon"]
[Result "1-0"]
[WhiteElo "2236"]
[BlackElo "2038"]
[WhiteFideId "-1"]
[BlackFideId "-1"]
[PlyCount "114"]
[GameId "2278592749768608"]
[EventDate "2026.01.10"]
[EventType "swiss"]
[EventRounds "5"]
[EventCountry "CAN"]

1. Nf3 d5 2. c4 c6 3. e3 Nf6 4. b3 e6 5. Bb2 Bd6 6. Qc2 O-O 7. Nc3 e5 8. cxd5 cxd5 9. Nb5 Nc6 10. Nxd6 Qxd6 11. d4 e4 12. Nd2 Bf5 13. a3 Rac8 14. Qd1 Rc7 15. Be2 Rfc8 16. O-O Ne7 17. Rc1 Rxc1 18. Bxc1 Qc7 19. b4 Qc2 20. Nb3 b6 21. Qxc2 Rxc2 22. Bd1 Rc7 23. Bb2 Nc8 24. Nd2 Bd7 25. Bb3 Bb5 26. Rc1 Rxc1+ 27. Bxc1 Nd6 28. f3 Bd3 29. Kf2 Kf8 30. h4 h5 31. Nf1 Nf5 32. Ng3 Nxh4 33. a4 a6 34. Bd1 Ng6 35. Ne2 Ne7 36. Nc3 b5 37. axb5 axb5 38. Be2 Bc4 39. Nxb5 Nc6 40. Nc3 Nxb4 41. Ba3 Bxe2 42. Bxb4+ Ke8 43. Nxe2 exf3 44. Kxf3 Kd7 45. Nf4 g5 46. Nd3 Ke6 47. Nf2 Kf5 48. Be7 Ne8 49. e4+ dxe4+ 50. Nxe4 g4+ 51. Ke3 Nc7 52. Nc3 Ne6 53. g3 f6 54. Ne2 Ng7 55. Nf4 Kg5 56. Nd5 Nf5+ 57. Kf2 Kg6 1-0

[Event "British Columbia Chess Cup"]
[Site "Burnaby CAN"]
[Date "2026.01.10"]
[Round "3.3"]
[White "Yao, Lucas"]
[Black "Leong, Ryan"]
[Result "1-0"]
[WhiteElo "2101"]
[BlackElo "2226"]
[WhiteFideId "-1"]
[BlackFideId "-1"]
[PlyCount "103"]
[GameId "2278592749821857"]
[EventDate "2026.01.10"]
[EventType "swiss"]
[EventRounds "5"]
[EventCountry "CAN"]

1. e4 c5 2. Nf3 d6 3. d4 cxd4 4. Nxd4 Nf6 5. Bd3 a6 6. c4 e6 7. Nc3 Be7 8. O-O O-O 9. Re1 Qc7 10. h3 Nbd7 11. Be3 Ne5 12. Rc1 Nxd3 13. Qxd3 b6 14. f3 Bb7 15. Na4 Nd7 16. Red1 Nc5 17. Nxc5 dxc5 18. Ne2 Rad8 19. Qc2 Bd6 20. Rd2 Bh2+ 21. Kh1 Rxd2 22. Bxd2 Bd6 23. Rd1 Bc6 24. Qc1 f5 25. Nc3 Be5 26. exf5 Rxf5 27. Ne4 Qf7 28. Bc3 h6 29. Bxe5 Rxe5 30. Qc3 Qf4 31. Rd8+ Kh7 32. Rf8 Rf5 33. Rxf5 Qxf5 34. Nf2 b5 35. cxb5 axb5 36. Nd3 c4 37. Ne5 Bd5 38. a3 Kg8 39. Qd4 Qf6 40. Kh2 g5 41. Qe3 Qf5 42. Ng4 Qg6 43. Qe5 h5 44. Nf6+ Kf7 45. Nxd5 exd5 46. Qxd5+ Kg7 47. Qe5+ Kh7 48. Qe7+ Kh6 49. h4 gxh4 50. Qxh4 Qd6+ 51. Kh3 Qf6 52. Qxf6+ 1-0

[Event "British Columbia Chess Cup"]
[Site "Burnaby CAN"]
[Date "2026.01.11"]
[Round "4.1"]
[White "Liu, Zachary"]
[Black "Pham, Bich Ngoc"]
[Result "1/2-1/2"]
[WhiteElo "2236"]
[BlackElo "2309"]
[WhiteFideId "-1"]
[BlackFideId "-1"]
[PlyCount "29"]
[GameId "2278592749821858"]
[EventDate "2026.01.10"]
[EventType "swiss"]
[EventRounds "5"]
[EventCountry "CAN"]

1. e4 e5 2. Nf3 Nc6 3. Nc3 Nf6 4. a3 Be7 5. d4 d6 6. h3 O-O 7. Be3 exd4 8. Nxd4 Nxd4 9. Qxd4 Be6 10. Rd1 Nd7 11. Nd5 Re8 12. Nxe7+ Qxe7 13. Bb5 a6 14. Be2 f6 15. Qc3 1/2-1/2

[Event "British Columbia Chess Cup"]
[Site "Burnaby CAN"]
[Date "2026.01.11"]
[Round "4.2"]
[White "Chen, Zhengyu"]
[Black "Yao, Lucas"]
[Result "1/2-1/2"]
[WhiteElo "1988"]
[BlackElo "2101"]
[WhiteFideId "-1"]
[BlackFideId "-1"]
[PlyCount "78"]
[GameId "2278592749821859"]
[EventDate "2026.01.10"]
[EventType "swiss"]
[EventRounds "5"]
[EventCountry "CAN"]

1. d4 d5 2. c4 e6 3. Nc3 h6 4. Nf3 Nf6 5. Bf4 Bd6 6. Bxd6 Qxd6 7. e3 c5 8. cxd5 exd5 9. Nb5 Qe7 10. dxc5 Qxc5 11. Rc1 Qb4+ 12. Qd2 Qxd2+ 13. Nxd2 Na6 14. Nc7+ Nxc7 15. Rxc7 O-O 16. Bd3 Ne8 17. Rc2 Nd6 18. O-O Be6 19. Rfc1 Rac8 20. Nb3 Rxc2 21. Rxc2 Rc8 22. Nd4 Rxc2 23. Bxc2 Nc4 24. b3 Nd6 25. Kf1 Kf8 26. Ke2 Ke7 27. Kd2 Kd7 28. Kc3 Kc7 29. a4 a5 30. Nxe6+ fxe6 31. Kd4 b6 32. f4 Nf7 33. Bg6 Nd8 34. e4 Nc6+ 35. Kc3 Kd6 36. exd5 exd5 37. g4 Kc5 38. h4 d4+ 39. Kd2 Kd5 1/2-1/2

[Event "British Columbia Chess Cup"]
[Site "Burnaby CAN"]
[Date "2026.01.11"]
[Round "4.3"]
[White "Chen, Yidong"]
[Black "Zhang, Kai Zhongkai"]
[Result "1-0"]
[WhiteElo "2266"]
[BlackElo "1939"]
[WhiteFideId "-1"]
[BlackFideId "-1"]
[PlyCount "103"]
[GameId "2278592749821860"]
[EventDate "2026.01.10"]
[EventType "swiss"]
[EventRounds "5"]
[EventCountry "CAN"]

1. e4 c5 2. Nf3 Nc6 3. Bb5 e6 4. Bxc6 bxc6 5. d3 Qc7 6. e5 f6 7. Qe2 d6 8. exd6 Bxd6 9. Nbd2 Nh6 10. Nb3 Nf7 11. Be3 O-O 12. Nfd2 f5 13. Bxc5 Bxc5 14. Nxc5 Qb6 15. Ncb3 e5 16. Nc4 Qc7 17. O-O Be6 18. Nbd2 Rae8 19. f3 Bd5 20. Kh1 Ng5 21. Rae1 Bxc4 22. Nxc4 e4 23. fxe4 fxe4 24. Rxf8+ Rxf8 25. dxe4 Qf4 26. Nd2 Rd8 27. Nf3 Nxf3 28. Qxf3 Qxf3 29. gxf3 Rd2 30. Rc1 Rf2 31. Kg1 Rxf3 32. Rd1 Re3 33. Rd4 Re2 34. Rc4 h6 35. a4 a5 36. b3 Kf8 37. Rxc6 Rxe4 38. Rc5 Re2 39. h4 g6 40. h5 gxh5 41. Rxa5 Rxc2 42. Rxh5 Rb2 43. Rb5 Ke7 44. Kf1 h5 45. a5 h4 46. b4 h3 47. Kg1 h2+ 48. Kh1 Kd7 49. Rb7+ Kc8 50. a6 Ra2 51. b5 Kd8 52. a7 1-0

[Event "British Columbia Chess Cup"]
[Site "Burnaby CAN"]
[Date "2026.01.11"]
[Round "5.1"]
[White "Yao, Lucas"]
[Black "Liu, Zachary"]
[Result "0-1"]
[WhiteElo "2101"]
[BlackElo "2236"]
[WhiteFideId "-1"]
[BlackFideId "-1"]
[PlyCount "182"]
[GameId "2278592749821861"]
[EventDate "2026.01.10"]
[EventType "swiss"]
[EventRounds "5"]
[EventCountry "CAN"]

1. e4 c5 2. Nf3 e6 3. d4 cxd4 4. Nxd4 Nc6 5. Nb5 d6 6. c4 Nf6 7. N5c3 Be7 8. Be2 O-O 9. O-O a6 10. Be3 Qc7 11. Nd2 Rd8 12. Rc1 Ne5 13. Qb3 Nfd7 14. Rfd1 Nc5 15. Qc2 b6 16. b4 Ncd7 17. Qb3 Rb8 18. a3 Ng6 19. Qa2 h6 20. f4 Nf6 21. Qb1 d5 22. cxd5 Nxf4 23. Bf3 e5 24. Na4 Qa7 25. Nc4 Bg4 26. Ncxb6 Bxf3 27. gxf3 Ne2+ 28. Kf2 Nxc1 29. Rxc1 Bd6 30. Rc6 Qe7 31. Qg1 Ne8 32. Qg4 f5 33. Qxf5 Nc7 34. Qg6 Nb5 35. Bc5 Bxc5+ 36. bxc5 Nd4 37. Rd6 Rxd6 38. cxd6 Qf8 39. Qh5 Qxd6 40. Nc4 Qf6 41. Nxe5 Qf4 42. Ng6 Qf7 43. f4 Re8 44. Nc5 Qc7 45. d6 Qxd6 46. Qd5+ Qxd5 47. exd5 Kf7 48. Ne5+ Ke7 49. Nc4 Nf5 50. Nxa6 Rc8 51. Nb6 Rc2+ 52. Kg1 Rc1+ 53. Kf2 Rc2+ 54. Kg1 Kd6 55. Nb4 Rc3 56. Kf2 Nd4 57. Ke1 Rh3 58. Kd2 Rxh2+ 59. Kd3 Nb5 60. a4 Na7 61. Kd4 Rh1 62. Nc4+ Kd7 63. Kc5 Rc1 64. Nd3 Ra1 65. Nde5+ Kd8 66. a5 h5 67. Ng6 Rh1 68. Nf8 h4 69. Ne6+ Ke7 70. Nxg7 h3 71. d6+ Kf7 72. Nf5 Rd1 73. Ng3 h2 74. Kb6 Rg1 75. d7 Ke7 76. Kc7 Nc6 77. Ne5 Nd8 78. Ng6+ Kf6 79. Kxd8 Rxg3 80. Kc7 Rc3+ 81. Kb6 Rd3 82. Ne5 h1=Q 83. Nxd3 Qb1+ 84. Kc7 Qc2+ 85. Kb8 Qxd3 86. a6 Qd6+ 87. Kb7 Qxd7+ 88. Kb8 Qc6 89. a7 Qb6+ 90. Ka8 Qc7 91. f5 Qc8# 0-1

[Event "British Columbia Chess Cup"]
[Site "Burnaby CAN"]
[Date "2026.01.11"]
[Round "5.2"]
[White "Pham, Bich Ngoc"]
[Black "Chen, Yidong"]
[Result "1-0"]
[WhiteElo "2309"]
[BlackElo "2266"]
[WhiteFideId "-1"]
[BlackFideId "-1"]
[PlyCount "117"]
[GameId "2278592749821862"]
[EventDate "2026.01.10"]
[EventType "swiss"]
[EventRounds "5"]
[EventCountry "CAN"]

1. Nf3 Nf6 2. g3 b5 3. Bg2 Bb7 4. d3 c5 5. e4 d6 6. a4 b4 7. O-O g6 8. Be3 Bg7 9. Qc1 Ng4 10. Bd2 O-O 11. h3 Nf6 12. Bh6 a5 13. Qe3 Nbd7 14. Nbd2 Nb6 15. b3 Qc7 16. Nh2 Rfe8 17. Bxg7 Kxg7 18. f4 e6 19. e5 Nfd5 20. Qf2 f5 21. exd6 Qxd6 22. Nc4 Qc7 23. Ne5 Nc3 24. Bxb7 Qxb7 25. Rae1 Rac8 26. Nhf3 Ncd5 27. Nd2 Qc7 28. Ndc4 Nxc4 29. Nxc4 Nb6 30. Ne5 Nd7 31. g4 Nxe5 32. Rxe5 Qd6 33. Rfe1 Qc6 34. R1e3 Kf7 35. Qh4 Kg8 36. Kh2 Rcd8 37. Qe1 fxg4 38. hxg4 Qc7 39. Qg3 Rf8 40. R3e4 Rd4 41. Qe3 Rxe4 42. Qxe4 Qd8 43. Kg3 Qd4 44. Qxd4 cxd4 45. Rxa5 Rc8 46. Rb5 Rxc2 47. Rxb4 Rc3 48. Kf3 Rxd3+ 49. Ke4 Rd1 50. Rxd4 Rb1 51. Rd3 h5 52. g5 Kf7 53. Kd4 Ke7 54. a5 Rf1 55. Kc5 Rxf4 56. a6 Rf8 57. a7 e5 58. b4 Ke6 59. Ra3 1-0

[Event "British Columbia Chess Cup"]
[Site "Burnaby CAN"]
[Date "2026.01.11"]
[Round "5.3"]
[White "Chong, Fu Wa"]
[Black "Suresh, Barath Subramanian"]
[Result "0-1"]
[WhiteElo "1384"]
[BlackElo "2074"]
[WhiteFideId "-1"]
[BlackFideId "-1"]
[PlyCount "105"]
[GameId "2278592749834151"]
[EventDate "2026.01.10"]
[EventType "swiss"]
[EventRounds "5"]
[EventCountry "CAN"]

1. e4 c5 2. Nc3 Nc6 3. Bb5 Nd4 4. Nf3 a6 5. Bc4 g6 6. d3 Bg7 7. O-O e6 8. Nxd4 cxd4 9. Ne2 Ne7 10. f4 d5 11. Bb3 O-O 12. Ng3 Bd7 13. Bd2 Rc8 14. exd5 Nxd5 15. Bxd5 exd5 16. Rc1 Qb6 17. b3 Rfe8 18. f5 Rc6 19. fxg6 hxg6 20. Bf4 Rce6 21. Qd2 Qc5 22. a4 Bf8 23. Qf2 Bg7 24. Qd2 b5 25. axb5 Bxb5 26. Bh6 Be5 27. Qg5 Qc7 28. Rf3 Qd8 29. Rcf1 Qxg5 30. Bxg5 Rf8 31. Bh6 Bg7 32. Bxg7 Kxg7 33. Rf4 Rc6 34. R1f2 Rc3 35. Rd2 Rfc8 36. Rff2 Be8 37. Kf1 a5 38. Ke1 a4 39. bxa4 Bxa4 40. Kd1 Ra3 41. Rf4 Ra1+ 42. Ke2 Bxc2 43. Rxd4 Bb3 44. Nf1 Re8+ 45. Ne3 Ra6 46. Rb2 Rae6 47. Rxb3 Rxe3+ 48. Kf1 Re1+ 49. Kf2 R1e2+ 50. Kf1 Rc2 51. Rxd5 Ree2 52. Rg5 Red2 53. Rb1 0-1

[Event "British Columbia February Frosty op"]
[Site "Vancouver CAN"]
[Date "2026.02.28"]
[Round "1.1"]
[White "Chen, Yidong"]
[Black "Lu, Aiden Hao-Ting"]
[Result "1-0"]
[WhiteElo "2259"]
[BlackElo "2101"]
[WhiteFideId "-1"]
[BlackFideId "-1"]
[PlyCount "55"]
[GameId "2286105348735333"]
[EventDate "2026.02.28"]
[EventType "swiss"]
[EventRounds "5"]
[EventCountry "CAN"]
[SourceTitle "DGT"]

{[%evp 0,55,13,-14,0,-4,38,-11,-5,1,-3,-10,20,-6,-22,-27,4,-7,-7,-20,-11,-7,-9,-22,-23,-21,-17,-22,-19,-16,56,-27,65,48,52,52,57,86,86,101,101,101,110,110,110,110,120,149,321,248,238,242,441,441,569,321,29999,-29999]} 1. c4 Nf6 2. Nf3 c6 3. b3 d5 4. Bb2 Bg4 5. Ne5 Bf5 6. e3 Nbd7 7. Nxd7 Qxd7 8. d4 e6 9. Be2 Bd6 10. c5 Bc7 11. a3 O-O 12. Nd2 Rfe8 13. g4 Bg6 14. h4 Be4 15. O-O Qd8 16. f4 h6 17. g5 Nh7 18. Nxe4 dxe4 19. Qe1 hxg5 20. hxg5 Nxg5 21. Qg3 f6 22. Kf2 Qd5 23. Qg4 Nh7 24. Bc4 Qd7 25. Rh1 f5 26. Qxf5 Nf6 27. Qh3 Qf7 28. Qh8# 1-0

[Event "British Columbia February Frosty op"]
[Site "Vancouver CAN"]
[Date "2026.02.28"]
[Round "2.1"]
[White "Koo, Minjun"]
[Black "Chen, Yidong"]
[Result "1/2-1/2"]
[WhiteElo "2089"]
[BlackElo "2259"]
[WhiteFideId "-1"]
[BlackFideId "-1"]
[PlyCount "40"]
[GameId "2286105348862310"]
[EventDate "2026.02.28"]
[EventType "swiss"]
[EventRounds "5"]
[EventCountry "CAN"]
[SourceTitle "DGT"]

1. Nf3 c5 2. c4 Nc6 3. Nc3 g6 4. g3 Bg7 5. Bg2 Nh6 6. O-O d6 7. a3 O-O 8. Rb1 Rb8 9. b4 b6 10. Qb3 Nf5 11. e3 Bb7 12. Bb2 e6 13. Rfd1 Qd7 14. Ne2 e5 15. Bc3 e4 16. Bxg7 Nxg7 17. Ne1 Ne5 18. Nc3 f5 19. d3 Ng4 20. d4 Kh8 1/2-1/2

[Event "British Columbia February Frosty op"]
[Site "Vancouver CAN"]
[Date "2026.02.28"]
[Round "3.1"]
[White "Chen, Yidong"]
[Black "Arya, Aadit"]
[Result "1/2-1/2"]
[WhiteElo "2259"]
[BlackElo "2033"]
[WhiteFideId "-1"]
[BlackFideId "-1"]
[PlyCount "183"]
[GameId "2286105348866407"]
[EventDate "2026.02.28"]
[EventType "swiss"]
[EventRounds "5"]
[EventCountry "CAN"]
[SourceTitle "DGT"]

1. e4 c6 2. d4 d5 3. e5 Bf5 4. Nf3 e6 5. Be2 c5 6. Be3 cxd4 7. Nxd4 Ne7 8. c4 Nbc6 9. Qa4 a6 10. Nc3 dxc4 11. O-O-O Qa5 12. Nxf5 Nxf5 13. Qxa5 Nxa5 14. Bb6 Nc6 15. f4 Rc8 16. Bxc4 g5 17. fxg5 Nxe5 18. Bb3 Bc5 19. Bxc5 Rxc5 20. Kb1 O-O 21. Ne4 Rc7 22. Rhe1 Nc6 23. Rd3 Nfd4 24. Rc1 Nxb3 25. Rxb3 Kg7 26. Nc5 Nd4 27. Rxb7 Rxb7 28. Nxb7 Rb8 29. Nd6 Rd8 30. Ne4 Nf5 31. Re1 Rd5 32. Nc3 Rd2 33. Re2 Rxe2 34. Nxe2 Kg6 35. b4 Kxg5 36. a4 Nd6 37. Kc2 e5 38. Kd3 f5 39. Nc3 h5 40. Nd5 Nb7 41. a5 h4 42. h3 Nd6 43. Nc7 Kf4 44. Nxa6 Kg3 45. Nc5 Kxg2 46. a6 Nc8 47. Nd7 f4 48. Nxe5 Kxh3 49. b5 Kg3 50. a7 Nxa7 51. b6 Nc6 52. Nxc6 h3 53. b7 h2 54. b8=Q h1=Q 55. Qg8+ Kf2 56. Qa2+ Kg3 57. Qg8+ Kf2 58. Ne5 Qb1+ 59. Kd4 Qb4+ 60. Kd3 Qb1+ 61. Kd4 Qb4+ 62. Nc4 f3 63. Qg6 Qe1 64. Qb6 Kg3 65. Qb8+ Kh3 66. Qc8+ Kg3 67. Qc7+ Kh3 68. Qd7+ Kg3 69. Qc7+ Kh3 70. Ne3 Qb4+ 71. Kd3 Qa3+ 72. Ke4 Qa8+ 73. Kf4 Qf8+ 74. Ke4 Qa8+ 75. Kf4 Qf8+ 76. Nf5 Qxf5+ 77. Kxf5 f2 78. Qh7+ Kg2 79. Qg6+ Kh2 80. Qh5+ Kg2 81. Qg4+ Kh2 82. Qe2 Kg1 83. Qe3 Kg2 84. Qd2 Kh1 85. Qc1+ Kg2 86. Qc2 Kg1 87. Qc5 Kg2 88. Qd5+ Kg1 89. Qd4 Kg2 90. Qd2 Kh1 91. Qe2 Kg1 92. Qxf2+ 1/2-1/2

[Event "British Columbia February Frosty op"]
[Site "Vancouver CAN"]
[Date "2026.03.01"]
[Round "4.1"]
[White "Suresh, Barath Subramanian"]
[Black "Chen, Yidong"]
[Result "0-1"]
[WhiteElo "2094"]
[BlackElo "2259"]
[WhiteFideId "-1"]
[BlackFideId "-1"]
[PlyCount "76"]
[GameId "2286105348874600"]
[EventDate "2026.02.28"]
[EventType "swiss"]
[EventRounds "5"]
[EventCountry "CAN"]
[SourceTitle "DGT"]

1. e4 c5 2. Nf3 d6 3. d4 cxd4 4. Nxd4 Nf6 5. Nc3 a6 6. Be3 e5 7. Nb3 Be6 8. f3 h5 9. Nd5 Bxd5 10. exd5 Nbd7 11. Qd2 g6 12. O-O-O Bg7 13. g3 Qc7 14. Kb1 O-O 15. Bh3 a5 16. Bxd7 Qxd7 17. a3 a4 18. Nc1 Rfc8 19. Na2 Qb5 20. Nb4 Re8 21. Rhf1 Rac8 22. Qg2 Rc4 23. f4 exf4 24. Bd4 Ng4 25. Rxf4 g5 26. Bxg7 gxf4 27. Bd4 Ne3 28. Qg1 Nxd1 29. gxf4+ Kf8 30. Bf6 Re7 31. Qxd1 Rxf4 32. Qxh5 Re1+ 33. Ka2 Rxf6 34. Qh4 Qf1 35. Qh8+ Ke7 36. Nc6+ bxc6 37. Qe8+ Kxe8 38. h3 Ra1# 0-1

[Event "British Columbia op"]
[Site "Richmond CAN"]
[Date "2026.02.14"]
[Round "1.1"]
[White "Doknjas, John"]
[Black "Lu, Samuel"]
[Result "1-0"]
[WhiteElo "2393"]
[BlackElo "2086"]
[WhiteFideId "-1"]
[BlackFideId "-1"]
[PlyCount "69"]
[GameId "2286105348882802"]
[EventDate "2026.02.14"]
[EventType "swiss"]
[EventRounds "6"]
[EventCountry "CAN"]
[SourceTitle "DGT"]

1. d4 Nf6 2. c4 e6 3. Nc3 Bb4 4. e3 d5 5. a3 Bxc3+ 6. bxc3 dxc4 7. Bxc4 c5 8. Nf3 Qc7 9. Qe2 O-O 10. O-O b6 11. Bd3 Bb7 12. e4 h6 13. e5 Nfd7 14. Nd2 cxd4 15. cxd4 Qc3 16. Rb1 Qxd4 17. Bb2 Qa4 18. Rfc1 Nc5 19. Rc4 Qd7 20. Rd4 Qe7 21. Bc2 Nba6 22. Nc4 Nc7 23. Nd6 Ba6 24. Qe3 Qg5 25. f4 Qe7 26. f5 Qg5 27. Qh3 exf5 28. Bc1 Qe7 29. Nxf5 Qe6 30. Qg3 g6 31. Nxh6+ Kg7 32. Nf5+ Kh7 33. Qh4+ Kg8 34. Ne7+ Kg7 35. Qh6# 1-0